[Event "National Capital Open"]
[Site "Ottawa"]
[Date "2013.10.20"]
[Round "5"]
[White "Djerkovic, Miladin"]
[Black "Sambuev, Bator"]
[Result "0-1"]
[WhiteElo "2265"]
[BlackElo "2666"]
[Annotator "John Upper"]
[PlyCount "70"]
[EventDate "2013.10.??"]
[EventCountry "CAN"]

1. e4 d6 2. Nc3 e5 3. Nge2 Nc6 4. d4 g6 5. Be3 Bg7 6. Qd2 Nf6 7. f3 O-O 8.
O-O-O {Diagram [#]} Nd7 (8... d5 9. dxe5 Nxe5 10. Nf4 $1 c6 11. exd5 Qa5 12.
Kb1 Bf5 13. Ne4 $5 (13. Be2 $1 $16) 13... Qxd2 14. Nxf6+ Bxf6 15. Bxd2 Rfd8 16.
Bc3 g5 $6 17. Nh5 $1 Bh8 18. d6 $16 {1-0 (68) Spasov,V (2525)-Benjamin,J (2610)
Moscow, 1994.}) 9. h4 Nb6 10. b3 d5 {Compared with the Spassov-Benjamin game 
(above), White has gained time with h2-h4, but not necessarily benefitted from
b2-b3.     The computer rates this as a serious mistake. Even if it's right
about that, proving it OTB by finding 30 good moves under tournament time
constraints is something hardly anyone in the U2700 section can do.} 11. dxe5
Nxe5 12. Nxd5 Qd6 13. Qb4 $1 {Diagram [#] Forces off the Qs, but there are too
many pieces on to call this an "endgame" or for White's K to feel safe just
yet.} Qxb4 14. Nxb4 a5 15. Nd5 (15. Nd3 $5 {looks risky, because it seems to
accelerate Black's play on the a-file and long diagonal, but White can cope:}
Nxd3+ 16. Rxd3 a4 (16... f5 17. Nc3 $1) 17. Bd4 axb3 18. axb3 Bxd4 19. Rxd4
Ra1+ 20. Kb2 Re1 21. Ng3 {defends the Rh1 and frees the Bf1.}) (15. Bxb6 axb4 (
15... cxb6 $143 16. Nd5 $16) 16. Bc5 Re8 17. Bxb4 Rxa2 18. Kb1 Ra7 19. Bc3 $16
{it's hard to believe Black has enough comp for a pawn.}) 15... Nxd5 16. exd5
a4 17. Bd4 axb3 18. axb3 Rd8 {Diagram [#]} 19. Nf4 (19. Bb2 c6 20. dxc6 Bh6+
21. f4 Rxd1+ 22. Kxd1 Nxc6 23. g3 Bg4 24. Rh2 Nb4 25. Bh3 (25. Kc1 Re8 26. Kd2
Rd8+ $13) 25... Ra2 26. Kc1 Bxh3 27. Rxh3 Bg7 {Black wins the pawn back with a
continuing initiative.}) 19... c6 20. c4 cxd5 21. Nxd5 {Diagram [#]During the
game I saw this position and thought: 'Bator's sac'ed a pawn for active piece
play and a slightly loose opponent's K, and White's Bf1 is junk'; so I thought
Bator would win because almost everyone he plays (including Morozevich in game
1 of the World Cup) collapses in that kind of pressure.    But looking at it
now with the computer evaluation (Houdini 3 +0.21/18 ply in this position; +1.
1 after 10...d5) it's easy to think "White's better. How could he not win this.
..?"    I think that's one of the hazards of letting the silicon do the
analysis for you: it makes the game look much easier than it is. In fact, for
most of this game, White plays the computer's first or second choice of move,
and does so when every other reasonable-looking move loses the advantage or
even loses the game.} Be6 22. Nc7 $1 (22. Ne3 $2 Bh6 $1 $36) (22. Kb2 $4 Bxd5
23. cxd5 Rxd5 24. Be2 (24. f4 Ng4 $19) 24... Rxd4 25. Rxd4 Nc6 $19) 22... Ra2
23. Kb1 Ra3 24. Kb2 Ra5 {Diagram [#] Black's little R mini-invasion has left
the Rd1 undefended, and so created a pin on the Bd4.} 25. b4 $1 (25. Be2 $2
Rxd4 $19 26. Rxd4 Nc6 $19) (25. Nb5 $2 Nc6 $19) 25... Ra7 (25... Nxc4+ 26. Bxc4
Bxd4+ (26... Rxd4 27. Rxd4 Bxd4+ 28. Kb3 Ra1 29. Rxa1 Bxa1 (29... Bxc4+ $2 30.
Kxc4 Bxa1 31. Kc5 $18) 30. Bxe6 fxe6 31. Nxe6 $16) 27. Rxd4 Rxd4 28. Nxe6 Rxc4
29. bxa5 fxe6 {White's structure is a bit better and his K is a little more
active, but that shouldn't be enough to win.}) 26. Nxe6 fxe6 27. Bxa7 Rxd1 28.
Kc2 {White expells the invading R from his backfield.} Re1 29. Bf2 $1 Ra1 30.
Bd4 $1 Ra8 {Diagram [#]Critical Position  White is up a pawn and has the
B-pair against the Canadian Champion, what should he play?} (30... Re1 31. Bc3
Re3 32. Kd2 Nxc4+ 33. Bxc4 Rxc3 34. Bxe6+ Kf8 35. Bd5 $14) 31. Be2 $2 {This
exposes the Rh1 to skewers along the back rank, so Black wins back the pawn
and keeps the initiative.} (31. c5 $142 Nc6 32. Bxg7 Kxg7 33. Kc3 Ra1 (33...
Ra3+ 34. Kb2 (34. Kc4 $143 Ra1 35. b5 Rc1+ $11) 34... Ra4 35. b5 Ne7 (35... Na7
36. Be2 Nxb5 $2 37. Kb3 $18) (35... Nd4 36. Kc3 $1 $18) 36. Bd3 $18) 34. b5 Ne5
35. Kb2 Re1 36. c6 bxc6 37. f4 Nd7 (37... Nc4+ $2 38. Bxc4 Rxh1 39. bxc6 $18)
38. bxc6 Nb6 $1 $14 {White's better, but it will still take several moves to
free the B and R.}) (31. Bxe5 $5 {looks very compliant, but sac'ing a pawn is
a decent way to finish his develpment, and it gets him to a much easier to
play position with chances to play for the win because of his better developed
K. One continuation Black has to avoid is this:} Bxe5 32. Bd3 Ra2+ 33. Kb3 Rb2+
(33... Rxg2 34. c5 Rd2 35. Be4 Rd7 36. Kc4 {White is close to winning.}) 34.
Ka4 Rxg2 35. c5 $16 Rb2 36. Kb5 Bc3 37. Rb1 $18) 31... Ra2+ $1 $15 32. Kd1 (32.
Bb2 $2 Nc6 33. Rb1 Nd4+ $19 {All White's pieces are on exactly the wrong
squares.}) 32... Nc6 $1 33. Bxg7 Kxg7 34. Re1 (34. Ke1 Nd4 $1 (34... Nxb4 35.
Kf2) (34... Ra1+ 35. Bd1 Nxb4) 35. Bf1 (35. Bd1 Rxg2 $17) 35... Kf6 {White is
almost out of moves, and Black threatens to bring his K up or win the Pb4 with
...Nc2+.}) 34... Nxb4 35. f4 $4 (35. Bf1 $142 Kf6 $15) 35... Nc2 {There are no
safe squares for the R on the first rank, so Black wins the exchange.} 0-1

[Event "2013 Battle of Alberta"]
[Site "Red Deer"]
[Date "2013.09.07"]
[Round "2.1"]
[White "Porper, Edward"]
[Black "Yam, Alex"]
[Result "1-0"]
[WhiteElo "2496"]
[BlackElo "2338"]
[Annotator "John Upper"]
[PlyCount "103"]
[EventDate "2013.09.07"]
[EventType "team-match"]
[EventCountry "CAN"]

1. Nf3 Nf6 2. d4 c5 3. d5 e6 4. c4 d6 5. Nc3 exd5 6. cxd5 g6 7. h3 Bg7 8. e4
O-O 9. Bd3 b5 {Diagram [#]} 10. O-O {"If White wants to avoid a theoretical
discussion, he could do worse than consider 10.0-0..." - Richard Palliser,
"Chess Developments: The Modern Benoni".} (10. Bxb5 Nxe4 11. Nxe4 Qa5+ 12. Nfd2
Qxb5 13. Nxd6 Qa6 14. N2c4 Nd7 15. O-O Ne5 $1 {"...first seen in 1990, but
only in recent years have its merits become fully apparent. I would even go so
far as to say that it closes down 10.Bxb5 as a serious winning try for White."
- Palliser.} 16. Nxc8 Raxc8 17. Nxe5 Bxe5 $44 {1/2-1/2 (56) Shimanov,A (2655)
-Jones,G (2645) Tromso, 2013.}) (10. Nxb5 {can lead to some wild complications,
definitely not in White's style.} Re8 (10... Nxe4 $6 11. Bxe4 Re8 12. Ng5 $1
Qa5+ 13. Nc3 h6 $5 {is wild, but probably better for White.}) 11. O-O (11. Nd2
Nxd5 12. Nc4 Re6 $1 $13) 11... Nxe4 12. Re1 a6 13. Nc3 $5 Nxc3 14. bxc3 Bxc3
15. Rxe8+ Qxe8 16. Rb1 Nd7 17. Qa4 $44 {1/2-1/2 (55) Navara,D (2710)-Jones,G 
(2632) Caleta, 2013.}) 10... b4 (10... a6 11. a3 {scores well for White.}) 11.
Nb1 c4 12. Bxc4 Nxe4 {Diagram [#] "should be okay for Black" - Palliser.} 13.
Qe1 (13. Re1 Re8 14. a3 Ba6 15. Be2 (15. Nbd2 $142) 15... Qa5 16. Nbd2 Nf6 17.
Bc4 $1 Rxe1+ 18. Qxe1 $11 {1/2-1/2 (28) Karpov,A (2692)-Andres Mendez,M (2373)
Buenos Aires (simul), 2001.}) 13... Re8 14. Qxb4 Na6 15. Qa3 Qb6 16. Nc3 Rb8
17. Be3 Qxb2 18. Qxb2 (18. Qa4 $5) 18... Rxb2 19. Nb5 Nb4 20. Rab1 Rxb1 21.
Rxb1 a5 22. a3 Na6 23. Bf4 Bf8 24. Na7 Nac5 25. Rb8 Bd7 26. Rxe8 Bxe8 27. Nd2 {
Diagram [#]} Nxd2 ({White's Nd2 isn't going anywhere, but Black's Nc3 can
inconvenience White.} 27... Nc3 $142 28. Nc8 Nb7 29. Ba6 $140 $2 Nxd5) 28. Bxd2
a4 29. Bb4 f5 30. Kf1 {Diagram [#]} Be7 $4 (30... g5 $14) 31. Ke2 $2 {Too
focused on the endgame?} (31. Bxc5 dxc5 32. d6+ $18) 31... Kf8 32. Nc8 Bd7 33.
Nxe7 Kxe7 34. h4 {Diagram [#]} Be8 $6 {With pawns on both sides of the board,
BB vs NB is a significant advantage. Add to that the extremely limite scope of
Black's B and White is nearly winning here.} (34... Bc8 $142 {(hoping to
exchange it with ...Ba6)} 35. Ke3 Ba6 36. Kd4 Bxc4 37. Kxc4 Ne4 38. f3 Nf6 39.
Bc3 Nh5 40. Bd2 (40. g4 Ng3 $16) 40... Kd7 41. Kb4 Nf6 $16 42. Kxa4 Nxd5 43.
Kb5 $16 {This might still be winning for White, but it's not as simple as the
game line.}) 35. Ke3 Nd7 36. Kd4 Nb6 37. Be2 Bf7 38. Bf3 Nd7 39. Bd2 Nc5 40.
Kc4 Kd7 41. Bd1 Kc7 42. f3 Kb7 43. Be3 Nb3 {Diagram [#] A B three ranks or
files away from a N dominates it by attacking four of the squares that N can
move to. When the N is on the edge of the board the B attacks every square the
N can move to and that N is often lost. White has that arrangement here: the
Be3 dominates the Nb3.} 44. Bc2 Kc7 45. h5 Kb7 46. h6 Kc7 47. g4 $1 fxg4 48.
fxg4 Kb7 49. Kb4 Be8 50. Bd3 {Diagram [#]Critical Position  Does White have a
threat?} (50. Bxb3 $2 axb3 51. Kxb3 {Black has good drawing chances.}) 50...
Kc7 {"What is the threat?" is the wrong question.   As author Dan Heisman
repeats, the question to ask is "what are all the things my opponent's move
does?".} ({White has two threats: to win the Pa4 and then to win the trapped N.
Black can't stop the first threat, but he can save the N if he makes a run for
it N right now.} 50... Na1 $5 51. Bf2 $1 (51. Bb5 $2 Nc2+ 52. Kc3 Nxe3 53. Bxe8
Nxd5+ $17) (51. Bd4 Nb3 52. Bc3 Nc5) 51... Nb3 52. Bb5 Bxb5 53. Kxb5 Nd2 54.
Kxa4 Ne4 55. Bd4 $8 $18 {preventing Nf6 keeps the horse in the corral.}) 51.
Bb5 $1 $18 Bxb5 52. Kxb5 ({The N is trapped and the only way to save it goes
into a lost pawn ending:} 52. Kxb5 Kd7 53. Kxa4 Nc5+ (53... Na1 54. Bf2 {
dominates the N if it goes to c2, and White wins the Na1 with Kb4-c3-b2.}) 54.
Bxc5 dxc5 55. Kb5 Kd6 56. Kc4 $22) 1-0

[Event "2013 Battle of Alberta"]
[Site "Red Deer"]
[Date "2013.09.07"]
[Round "2.2"]
[White "Kazmaier, Daniel"]
[Black "Wang, Richard"]
[Result "1-0"]
[WhiteElo "2292"]
[BlackElo "2492"]
[Annotator "John Upper"]
[PlyCount "69"]
[EventDate "2013.09.07"]
[EventType "team-match"]
[EventCountry "CAN"]

1. d4 d5 2. c4 c6 3. Nf3 Nf6 4. Qb3 dxc4 5. Qxc4 Bg4 6. Nc3 Nbd7 7. e4 Bxf3 8.
gxf3 e5 $1 {Diagram [#]  Reccommended in James Vigus's "Play the Slav" 
(Everyman, 2008), which says:   "The exchange ...Bxf3 enabled a dark-square
strategy: White now has less control of the central squares d4 and e5, and
Black will aim at the f4-square with ...Bd6 and ...Qc7, and possibly ...Ne5-g6.
White, of course, has potentially strong play on the half-open g-file, and the
few games that have reached this position have generally featured sharp play
with castling on opposite sides."} 9. Be3 (9. dxe5 $5 Nxe5 10. Qe2 $13 {White
hopes to roll his e and f pawns forward.}) 9... Qc7 10. Bh3 Bd6 11. Bxd7+ Nxd7
12. Rg1 (12. O-O-O b5 $1 $36 {, but:}) (12. d5 {looks like a sensible way to
play against Black's minors, and would make more sense of White's choice to
give up the B-pair with Bxd7.}) 12... exd4 13. Bxd4 {Diagram [#]} Be5 (13...
Nb6 $1 14. Bxb6 (14. Qe2 Bxh2 15. Bxg7 Rg8 16. Rg4 O-O-O {White's K is still
in the center, so Black might be a little better.}) 14... axb6 (14... Qxb6 15.
Rxg7 $36 {Xf7}) 15. Rxg7 $13) (13... Bxh2 14. Bxg7 Bxg1 15. Bxh8 O-O-O 16. Bd4
$11) 14. f4 (14. O-O-O $142) 14... Bxd4 15. Qxd4 Qxf4 16. Qxg7 O-O-O 17. Qg3
Qh6 {Keeping the White K in the center.} 18. Rd1 (18. f4 {trying to castle
long, but Black has} Rhg8 $1 {since two Rs for the Q is a good deal for Black
here, since White has so many loose pawns.}) 18... Rhe8 19. Ke2 f5 20. Qe3 f4
21. Qxa7 Qxh2 22. Rg7 f3+ 23. Kd3 Qh6 {Diagram [#]Whose K is safer?  White's
position looks critical: the Rg7 is hanging and his K is exposed to all sorts
of threats.} 24. Rdg1 $1 {White's play depends on the Rg7+Qa7, and his Kd3 is
safer than it looks.} Qd6+ $1 {A good move in what must have been a very
frustrating position.} ({Black's N has six possible moves, each of which comes
with a discovered check, but none of them are any good: apart from the Kd3 all
White's pieces are on dark squares (so there's no possible N attack) and any
move by the Nd7 will soon require Black to defend b7:} 24... Ne5+ $2 25. Kc2
Qd2+ 26. Kb3 Nd7 27. Rd1 $18) (24... Nc5+ $2 25. Kc2 Qd2+ 26. Kb1 $18) (24...
Nb6+ $6 25. Nd5 $3 (25. Kc2 Rd7 $8 (25... Rd2+ 26. Kb1 $8 $18) 26. R7g5 (26.
Rxd7 Nxd7 27. Rg3 $16) 26... Kc7 $8 27. Qa5 $36) 25... Rd7 $8 26. Rxd7 Nxd7 27.
Qa8+ $1 Nb8 28. Ne7+ Rxe7 $8 (28... Kc7 29. Qa5+ $18) 29. Rg8+ Kd7 30. Qxb8
Qd6+ $1 31. Qxd6+ Kxd6 32. Rf8 $18) 25. Kc2 Re7 26. Rxe7 (26. Rd1 $142 Qxd1+ (
26... Qe5 27. Qa8+ Kc7 28. Rxe7 Qxe7 29. Qa5+ Kb8 30. Qf5 $16 {White will win
the f or h pawn.}) (26... Qe6 $5 27. Rg5 $1 $40 {(Bringing the R to the
queenside creates a lot of tactical threats; e.g. /\...Rc5 then Nd5)}) 27. Nxd1
Rxg7 28. Ne3 $16 {White threatens to bring his N to d6; Black is in serious
trouble.}) 26... Qxe7 27. b4 Ne5 (27... Qxb4 $4 28. Rb1 $18) 28. b5 $36 {
Diagram [#]Critical Position} Qc7 $2 (28... Nd3 $1 {(/\...Nb4)} 29. a3 cxb5 $8
30. Qa8+ Kc7 31. Nd5+ Rxd5 $8 32. Qa5+ Kd7 $8 33. exd5 Qc5+ $1 $13 34. Kxd3
$140 Qxd5+ $11 {Black has a perpetual.}) 29. b6 $8 $18 Qb8 (29... Qd6 30. Rd1
$18 Nd3 31. Qa8+ Kd7 32. Qxd8+ Kxd8 33. Rxd3 $18) 30. Rg7 $1 Nd7 (30... Qxa7
31. bxa7 {and the P promotes}) 31. Rxh7 {(see photos)} Qd6 32. a4 $1 {All
Black can do is move his Q back and forth, so White pries open the a-file.} Rg8
33. a5 $1 (33. Qa8+ {wins too} Qb8 (33... Nb8 34. Qxb7+ Kd8 35. Qc7+ $18) 34.
Qxb8+ Nxb8 35. Rc7+ Kd8 36. Rxb7 Nd7 37. a5 $18) 33... Rg2 34. Rh8+ Nf8 35.
Rxf8+ 1-0

[Event "2013 Battle of Alberta"]
[Site "Red Deer"]
[Date "2013.09.07"]
[Round "2.3"]
[White "Pechenkin, Vladimir"]
[Black "Haessel, Dale"]
[Result "1-0"]
[WhiteElo "2392"]
[BlackElo "2307"]
[Annotator "John Upper"]
[PlyCount "51"]
[EventDate "2013.09.07"]
[EventType "team-match"]
[EventCountry "CAN"]

1. Nf3 Nf6 2. g3 g6 3. b3 Bg7 4. Bb2 O-O 5. Bg2 c5 6. c4 Nc6 7. O-O d5 8. cxd5
Nxd5 9. Bxg7 Kxg7 10. d4 {Diagram [#]} Qb6 (10... cxd4 11. Nxd4 Nxd4 (11...
Ndb4 12. Nxc6 Nxc6 13. Bxc6 $5 bxc6 {and it seems Magnus Carlsen isn't the
only player who thinks he can turn this sort of slighty better pawn structure
into a win against a strong GM:  (1-0, 57) Granda Zuniga,J (2665)-Salgado
Lopez,I (2624) Camarinas, 2013.}) 12. Qxd4+ Nf6 13. Qe5 $32 {White is ahead in
development, but with the possible exception of b7 Black doesn't have any
weaknesses; and in the following game, Black demonstrated an interesting way
to try to catch up:} a5 $5 14. Nc3 Ra6 15. Rfd1 Re6 16. Qf4 (16. Qxe6 $5) (16.
Qb8 $5) 16... Qb6 17. Rac1 Rd8 18. Rxd8 Qxd8 19. Rd1 Qb6 $13 {0-1 (63)
Markowski,T (2625)-Nedilko,V (2413) Warsaw, 2010.}) 11. e4 Nf6 12. d5 Nd4 $146
13. Nxd4 cxd4 14. Na3 {Diagram [#]Critical Position  White is planning to
surround and win the Pd4, what should Black do?} e5 $2 {Black has a difficult
position, and is worse no matter what he does, but other options seem a bit
tougher:} (14... Qb4 $2 15. Nc2 {forks the Q and Pd4.}) (14... Qc5 15. Qc1 $1 (
15. Nc2 $140 Bg4 $1 16. Qd2 (16. f3 $4 d3+ $19) 16... Qc3 $1 17. Qxd4 Qxc2 18.
e5 Nxd5 $14) 15... b6 16. Qb2 $1 e5 17. b4 Qe7 18. f4 $16) (14... e6 $5 15. Rc1
exd5 16. exd5 {Whte's advanced d-pawn will be stronger than Black's.} Rd8 (
16... Nxd5 $4 17. Bxd5 Qa5 18. Qxd4+ $18 {the check saves the hanging pieces.})
17. Nc4 Qc5 18. Nb2 $1 Qb6 (18... Qa3 $5) 19. Na4 Qb4 20. Rc4 Qd6 21. Rxd4 $16)
15. Nc4 $1 Qc7 16. a4 (16. f4 $1 {immediately, is even stronger; e.g.} Nd7 17.
Rc1 Qb8 18. Nxe5 Nxe5 19. Qxd4 $18) 16... Nh5 $2 ({Black has to support the
e5-d4 pawn chain.} 16... Nd7 $142 17. f4 f6 $16 18. fxe5 fxe5 19. Rxf8 Nxf8 $8
$16 {White is clearly better, but this is still a better position than Black
gets in the game.}) 17. f4 $1 $18 {Diagram [#] Both players played the next
moves optimally; unfortunately for Black, he's doing so from a position that's
already losing.} exf4 (17... f6 18. fxe5 fxe5 19. Rxf8 Kxf8 20. Qf3+ Kg7 21.
Rf1 Qe7 (21... Bd7 22. Qf7+ Kh6 23. d6 $18 (23. Bh3 $18)) 22. Nxe5 $18 Qxe5
$140 23. Qf8#) 18. Qxd4+ f6 19. d6 $1 Qd7 20. gxf4 Qg4 21. e5 Be6 22. Ne3 Qh4
23. Rac1 Bxb3 24. Bxb7 Rad8 25. Ng2 fxe5 26. Qxa7 1-0

[Event "2013 Battle of Alberta"]
[Site "Red Deer"]
[Date "2013.09.07"]
[Round "1.8"]
[White "Hughey, Micah"]
[Black "Booker, Brad"]
[Result "1-0"]
[WhiteElo "2118"]
[BlackElo "2192"]
[Annotator "John Upper"]
[PlyCount "79"]
[EventDate "2013.09.07"]
[EventType "team-match"]
[EventCountry "CAN"]

1. e4 c6 2. d4 d5 3. exd5 cxd5 4. c4 Nf6 5. Nc3 Nc6 6. Nf3 Be6 7. c5 g6 8. Bb5
Bg7 9. Ne5 Bd7 10. O-O O-O 11. Bf4 Nh5 12. Nxd7 Qxd7 13. Be5 f6 (13... Bxe5 $1
14. dxe5 d4 15. Ne2 (15. Ne4 Qd5 $17) 15... Rad8 $15) 14. Bg3 Nxg3 15. hxg3 f5
{Can Black force through ...e5?} 16. Qd2 Rad8 17. Rad1 e6 18. Rfe1 Qf7 19. Bxc6
bxc6 20. f4 Rb8 21. Ne2 a5 22. Qc3 Rb5 23. Kf1 Rfb8 24. Rd2 Rb4 25. Ng1 h6 26.
Nf3 Kh7 27. Rde2 Qb7 28. Rxe6 Rxb2 29. Re7 Qa6+ 30. Kg1 Rxa2 $4 {Diagram [#]
Critical Position} (30... R2b7 $142) 31. Rxg7+ $1 Kxg7 32. Re7+ $2 {This gives
Black two drawing moves, both of which depend on a deflection tactic shown in
the next note.} (32. Qe3 $8 $18 Qb7 (32... Qa7 33. Qe5+ Kf7 34. Qe6+ Kg7 35.
Ne5 Rbb2 36. Qxg6+ Kf8 37. Qxf5+ Kg8 38. Qe6+ Kg7 39. Ng4 $1 $18 {prevents a
perpetual by defending h2, and keeps White's attack going.}) 33. Qe5+ $8 Kg8 (
33... Kh7 34. Qf6 $18 {/\Re7}) (33... Kf7 34. Qe6+ Kg7 35. Ne5 $18) 34. Qd6 Qb2
$5 {White can't force mate, but can win Black's kingside pawns while saving
all his own, to be down an exchange with a winning position:} 35. Qxg6+ $8 Kh8
36. Qxh6+ Kg8 37. Qe6+ Kh8 (37... Kh7 $2 38. Ng5+ {#3}) 38. Qe5+ {(defending
the Re1 and Pd4)} Kg8 39. Nh4 $18) 32... Kg8 $2 (32... Kf8 $1 $11 33. Qe3 (33.
Qe1 Ra1 $8 34. Qxa1 Kxe7 35. Qe1+ $8 {White can force a draw whichever way the
Black K tries to run.}) 33... Ra1+ 34. Ne1 $8 (34. Kh2 $2 Qf1 35. Kh3 Qh1+ 36.
Nh2 Ra2 $19) 34... Qc8 (34... Rxe1+ 35. Qxe1 Rb1 $11) 35. Qe5 $8 (35. Kh2 $2
Qd8 $8 36. Rh7 Qf6 $1 $19)) (32... Kf6 $1 $11 33. Qe3 Rb1+ $8 34. Ne1 (34. Kh2
$2 Rxg2+ $19) 34... Rxe1+ 35. Qxe1 Ra1 $11) 33. Qe1 $1 $18 (33. Qe3 Rb1+ 34.
Ne1 $8 $18 {Unlike the above variations, Black isn't attacking the Re7, so he
can't bail out with ...Rxe1+ and a ....Ra1 deflection.} (34. Kh2 $4 Rxg2+ $1
$19 {#2}) 34... Qc8 35. Kh2 (35. Re8+ {transposes}) 35... Raa1 (35... Kf8 36.
Qe5 {#3}) 36. Re8+ Qxe8 37. Qxe8+ Kg7 38. g4 (38. Nf3 $4 Rh1#) 38... Rxe1 39.
Qd7+ $18 {Black's K and pawns are so loose that White's Pc5 should beat
Black's Pa5.}) 33... Qc8 34. Qe5 Qf8 35. Qe6+ Kh8 36. Nh4 Qxe7 37. Qxe7 (37.
Nxg6+ $18) 37... Rb1+ 38. Kh2 Raa1 39. Nxg6+ Kg8 40. Qf8+ 1-0